Silo: obras completas
Uloženo v:
| Hlavní autoři: | , |
|---|---|
| Médium: | Kniha |
| Jazyk: | španělština |
| Vydáno: |
San Diego
Latitude Press
1993
|
| Témata: | |
| Tagy: |
Přidat tag
Žádné tagy, Buďte první, kdo vytvoří štítek k tomuto záznamu!
|
MARC
| LEADER | 00000nam a2200000 a 4500 | ||
|---|---|---|---|
| 001 | UCI3545 | ||
| 003 | CL-VaPUC | ||
| 008 | 071109e19930000US |||||||||||||||||spa|d | ||
| 020 | |a 1878977245 | ||
| 082 | 0 | 4 | |a 863 |b SIL |2 21 |
| 100 | 0 | |a Silo |e author |9 524916 | |
| 700 | 0 | |a Rodríguez, Mario Luis |e author |9 524917 | |
| 245 | 1 | 0 | |a Silo: obras completas |
| 300 | |a v | ||
| 942 | |c BK | ||
| 945 | |d 20071109 00:00:00 |a jtorresc | ||
| 260 | |a San Diego |b Latitude Press |c 1993 | ||
| 650 | 0 | |a Literatura |9 259151 | |
| 650 | 0 | |a Filosofía |9 223554 | |
| 650 | 0 | |a Mitología |9 255719 | |
| 583 | |a last modification |c 20071109 00:00:00 |k Rodrigo Vera | ||
| 999 | |c 327695 |d 327693 | ||
| 952 | |0 0 |1 0 |4 0 |6 863_000000000000000_SIL_1993 |7 0 |8 A |9 410901 |a BIBTEO |b BIBTEO |d 2019-11-22 |h v.1 |i 4386728 |o 863 SIL 1993 |p 4386728 |r 2025-01-17 |w 2019-11-22 |y BK |k ICR | ||